[Event "Beijing Sportaccord blitz"]
[Site "Beijing"]
[Date "2011.12.13"]
[Round "14"]
[White "Grischuk, Alexander"]
[Black "Almasi, Zoltan"]
[Result "1-0"]
[WhiteElo "2752"]
[BlackElo "2707"]
[PlyCount "145"]
[EventDate "2011.12.12"]
[EventType "swiss (blitz)"]
[EventRounds "15"]
[EventCountry "CHN"]
[SourceTitle "CBM 145 Extra"]
[Source "ChessBase"]
[SourceDate "2012.01.03"]
[SourceVersion "1"]
[SourceVersionDate "2012.01.03"]
[SourceQuality "1"]

1. Nf3 Nf6 2. g3 d5 3. Bg2 c6 4. d3 Bf5 5. Nh4 Bg4 6. h3 Bc8 7. O-O g6 8. e4
dxe4 9. dxe4 Qxd1 10. Rxd1 Bg7 11. e5 Nfd7 12. f4 Nb6 13. Nc3 Be6 14. Ne4 O-O
15. b3 Na6 16. Ba3 Rfe8 17. c4 Nc7 18. Rd2 Nd7 19. Rad1 Nf8 20. Kf2 Rab8 21. g4
Bh6 22. Kg3 b6 23. Rd3 Bc8 24. f5 c5 25. Bb2 Bb7 26. Nc3 Bxg2 27. Kxg2 Bg7 28.
Ne4 Na6 29. a3 b5 30. Ba1 bxc4 31. bxc4 Rb7 32. Nf3 Nb8 33. Nxc5 Rc7 34. Nb3
Rxc4 35. f6 exf6 36. exf6 Bh8 37. Rd8 Rc8 38. Rxc8 Rxc8 39. Kg3 h6 40. h4 Ne6
41. g5 hxg5 42. hxg5 Nc6 43. Rd7 Rb8 44. Nbd4 Ncxd4 45. Bxd4 Rb3 46. Kg4 Rxa3
47. Rxa7 Rxa7 48. Bxa7 Nf8 49. Bc5 Nd7 50. Be7 Nb6 51. Bd8 Nd5 52. Ne5 Nc3 53.
Kf3 Nd5 54. Be7 Nc7 55. Ng4 Ne6 56. Nh6+ Kh7 57. Nxf7 Kg8 58. Nh6+ Kh7 59. Nf7
Kg8 60. Nh6+ Kh7 61. Kg4 Nc5 62. f7 Nd7 63. f8=Q Nxf8 64. Bxf8 Bc3 65. Bc5 Bb2
66. Nf7 Ba1 67. Nd8 Kg7 68. Bd4+ Bxd4 69. Ne6+ Kf7 70. Nxd4 Ke7 71. Kf4 Kd6 72.
Nf3 Ke6 73. Ne5 1-0

[Event "Moscow Tal Memorial 7th"]
[Site "Moscow"]
[Date "2012.06.09"]
[Round "2"]
[White "Kramnik, Vladimir"]
[Black "Grischuk, Alexander"]
[Result "1-0"]
[WhiteElo "2801"]
[BlackElo "2761"]
[Annotator "Ramirez Alvarez,A"]
[PlyCount "57"]
[EventDate "2012.06.08"]
[EventType "tourn"]
[EventRounds "9"]
[EventCountry "RUS"]
[EventCategory "22"]
[SourceTitle "CBM 149"]
[Source "ChessBase"]
[SourceDate "2012.07.17"]
[SourceVersion "1"]
[SourceVersionDate "2012.07.17"]
[SourceQuality "1"]

1. Nf3 Nf6 2. c4 g6 3. Nc3 Bg7 4. e4 d6 5. d4 O-O 6. Be2 e5 7. O-O Nc6 8. d5
Ne7 9. b4 Nh5 10. g3 {This line of the King's Indian was very topical in the
late 90s. Kramnik was at the forefront of the theoretical discussions on the
white side, and was responsible for the popularity of 10.Re1. It is
interesting to see him revert to the 'old' line once more, as he did against
Giri last year.} f5 11. Ng5 Nf6 12. Bf3 c6 13. Bg2 (13. Ba3 {was how his game
against Giri continued, Bg2 is an improvement.}) (13. b5 cxd5 14. cxd5 Nxe4 15.
Ncxe4 fxe4 16. Bxe4 h6 17. Ne6 Bxe6 18. dxe6 d5 19. Ba3 dxe4 20. Qxd8 Rfxd8 21.
Bxe7 {leads to an endgame that is analogous to one in the Re1 line, but I
think few people would play g3 instead of Re1.}) 13... h6 14. Ne6 Bxe6 15. dxe6
Nxe4 16. Nxe4 fxe4 17. b5 $1 {These positions are always tricky. Black seems
in many occasions not only to win a pawn (the weakened one on e6), but also to
create a powerful and threatening pawn center. In reality, this pawn center in
many cases is doomed to fall under the pressure of White's powerful bishops,
and when the pawn is recovered the structural advantage is beyond doubt. The
point of b5 is to open the a1-f8 diagonal for the bishop, hitting the knight
on e7 which protects the pawn center.} Rf6 (17... d5 18. Ba3 Re8 19. cxd5 cxd5
20. Qb3 Qb6 21. Rad1 Rad8 22. Bxe7 Rxe7 23. Rxd5 Rxd5 24. Qxd5 Qxe6 (24... e3
25. fxe3 Qxe3+ 26. Kh1 $16) 25. Qxe6+ (25. Qc5 $1 {seems even stronger.}) 25...
Rxe6 26. Bxe4 Rb6 27. a4 a6 28. bxa6 bxa6 29. a5 {is not a super easy endgame
for Black to hold. Not only that, if White avoids the queen exchange the
position really becomes unpleasant.}) 18. Bxe4 Rxe6 19. Qa4 d5 20. Rd1 {
Black is pinned all over the place. He would like to simply give back the pawn
to achieve equality, but this is not so simple.} Kh7 (20... Qc8 21. cxd5 cxd5
22. Rxd5 $1 Nxd5 23. Bxd5 Kh7 24. Bxe6 Qxe6 25. Be3 $16 {is simply unpleasant.
The bishop on g7 is bad unless Black plays e4, and when he does that he will
have a terrible weakness there. His king is also exposed as a major piece
going into the 7th rank will pose many problems.}) (20... d4 21. Rb1 Qc8 22.
bxc6 bxc6 23. Ba3 {is not to anyone's liking, as the white squared bishop
dominates the board. Black does have his extra pawn but it's of no use.}) 21.
cxd5 cxd5 22. Qb3 {Pins and more pins.} Rb6 23. a4 $1 (23. Bxd5 Rd6 24. Bf3
Rxd1+ 25. Bxd1 e4 26. Rb1 Nd5 $132 {would've made Grischuk a happy man. Even
though White might still be better here, Black has obtained an important
amount of activity, while White's piece look clumsy. This is not what Kramnik
wants.}) 23... a6 (23... d4 24. a5 {loses b7}) (23... Qd7 24. Ba3 d4 (24... Qe6
25. Bxe7 dxe4 26. Qxe6 Rxe6 27. Rd7 {is a Kramnik dream. Actually since Rc1-c7
is a threat that is not easy to stop, Black may simply be lost.}) 25. a5 $1 {
is a nice trick} Rf6 (25... Rxb5 {fails to} 26. Qf7 Re8 27. Bxg6+) 26. a6 {
is obviously winning as White will be materially and positionally better.}) 24.
Ba3 axb5 {This move is already losing (!) but the alternatives hardly seem
attractive.} (24... Qe8 25. Bc5 (25. Bxd5 Nxd5 26. Rxd5 axb5 27. axb5 Qe6 $14 {
is not that bad since Black will at least swap a pair of rooks. White is still
slightly better.}) (25. Qe3 d4 26. Qd3 {is worth considering.}) 25... axb5 26.
Bxb6 bxa4 27. Qc3 dxe4 28. Qc7 {and it is hard to believe Black's pawns won't
fall one by one. However he did manage to simplify everything into 'just' the
kingside - which might give him hopes to draw.}) 25. Bxe7 Qxe7 26. Rxd5 {
The pawn center is destroyed, and although Black has retained his extra pawn,
there is no doubt who stands better. The powerful bishop on e4 controls many
diagonals, pressuring the g6-pawn and the b7-pawn. The king on h7 does not
feel secure. Black's rooks are inactive and clumsy. It is difficult to play
this position, very difficult.} b4 (26... Ra5 27. h4 Qf6 28. h5 bxa4 29. hxg6+
Kh8 30. Qc2 Rxd5 31. Bxd5 {is awful.}) 27. a5 Qf7 (27... Rf6 28. Rb5 Ra7 29.
Rb1 {and White will mop up the pawns on the b-file, while the dark-squared
bishop can do nothing but watch.} Bf8 30. Qe3 $1 $18) 28. h4 {Black is already
helpess against the threat to play h5. White's advantage is decisive. This is
the danger of playing these lines for Black. Grischuk didn't play any move
that was particularly 'bad'. No blunders, no major strategical mistakes. And
yet White won effortlessly.} h5 (28... Kh8 29. Rd8+ $18) (28... Kg8 29. h5 gxh5
30. Rad1 {and Black can't defend against Rd8+ and axb6.}) 29. Qd1 {A simple
shot, but very powerful. The queen defends the rook on a1, prepares to support
the other one on d7, and targets h5. Black's position is beyond hopeless and
Grischuk resigned. A complete demolition from the greatest expert on the White
side of this variation. When one thinks of 'model games' to follow in the
King's Indian for White, this one I'm sure will come up often.} 1-0

[Event "Moscow Tal Memorial 7th"]
[Site "Moscow"]
[Date "2012.06.13"]
[Round "5"]
[White "Grischuk, Alexander"]
[Black "Caruana, Fabiano"]
[Result "1/2-1/2"]
[WhiteElo "2761"]
[BlackElo "2770"]
[Annotator "Krasenkow,M"]
[PlyCount "62"]
[EventDate "2012.06.08"]
[EventType "tourn"]
[EventRounds "9"]
[EventCountry "RUS"]
[EventCategory "22"]
[SourceTitle "CBM 149"]
[Source "ChessBase"]
[SourceDate "2012.07.17"]
[SourceVersion "1"]
[SourceVersionDate "2012.07.17"]
[SourceQuality "1"]

1. d4 Nf6 2. c4 g6 3. Nc3 d5 4. Nf3 Bg7 5. Bf4 O-O 6. Rc1 Be6 {This order of
moves is rarely seen in practice. 6...Be6 is played more often after 4.Bf4 Bg7
5.e3 0-0 6.Rc1.} 7. Ng5 $6 {This activity proves premature. The exchange of
this bishop is not worth a crucial tempo.} (7. Qb3 c5 8. Qxb7 Qb6 9. Qxb6 axb6
10. e3 {leads to a position from the 4.Bf4 system. Here is an example:} dxc4
11. dxc5 bxc5 12. Ng5 Bd5 13. Nxd5 Nxd5 14. Bxc4 Nxf4 15. exf4 Bxb2 16. Rc2 Bf6
17. O-O Nc6 18. Bd5 Nb4 19. Rxc5 Nxd5 20. Rxd5 Rxa2 $11 {1/2 Ding,L (2574)-Le
Quang,L (2681)/Manila 2010/CBM 138 Extra (30)}) (7. e3 dxc4 {leads to the 6...
dxc4 7.e3 Be6 system, with Black avoiding the 7.e4 line.}) 7... c5 $1 8. dxc5 (
8. e3 Bg4 $1 9. f3 cxd4 10. exd4 Bf5 {[%csl Rf3,Rg5] is good for Black.}) 8...
d4 9. Nb5 Nc6 $5 {[%mdl 512]} (9... Bd7 {is also satisfactory for Black, e.g.}
10. Nxd4 (10. Nc7 Nh5) 10... Qa5+ 11. Qd2 Qxa2 {etc. However, a true Grünfeld
player never cares about material losses in the Bf4 systems!}) 10. Nc7 Bf5 $1
11. Nxa8 e5 12. Bd2 e4 $1 13. e3 h6 14. Nh3 (14. exd4 hxg5 15. Bxg5 Nxd4 $17 {
- the a8-knight will not escape!}) 14... Bxh3 15. gxh3 Ne5 16. Bg2 Nd3+ 17. Kf1
Nxc1 18. Qxc1 d3 19. Bc3 Qe7 $2 {[%mdl 16384]} (19... Re8 $1 $17 {was much
stronger. Black will finally recapture the a8-knight keeping his strong
central pawns and a clear advantage.}) 20. Nc7 $1 {What a surprise! The doomed
knight sells its skin quite expensively: White captures Black's crucial
e4-pawn and activates his pieces.} Qxc7 21. Bxf6 Bxf6 22. Bxe4 Rd8 23. Bd5 Qxc5
24. Qd1 Rxd5 (24... d2 25. Ke2 $5 (25. Qxd2 $143 Qxc4+ 26. Bxc4 Rxd2 $15 {_|_})
) 25. cxd5 Qxd5 26. Rg1 Kg7 27. Qb3 Qe4 28. Rg4 Qh1+ 29. Rg1 Qe4 30. Rg4 Qh1+
31. Rg1 Qe4 {Both sides have nothing better than this repetition of moves.}
1/2-1/2

[Event "Moscow Tal Memorial 7th"]
[Site "Moscow"]
[Date "2012.06.17"]
[Round "8"]
[White "Grischuk, Alexander"]
[Black "Nakamura, Hikaru"]
[Result "1-0"]
[WhiteElo "2761"]
[BlackElo "2775"]
[Annotator "Milos,G"]
[PlyCount "69"]
[EventDate "2012.06.08"]
[EventType "tourn"]
[EventRounds "9"]
[EventCountry "RUS"]
[EventCategory "22"]
[SourceTitle "CBM 149"]
[Source "ChessBase"]
[SourceDate "2012.07.17"]
[SourceVersion "1"]
[SourceVersionDate "2012.07.17"]
[SourceQuality "1"]

1. e4 c5 2. Nf3 d6 3. d4 cxd4 4. Nxd4 Nf6 5. Nc3 g6 6. Be3 Bg7 7. f3 Nc6 8. Qd2
O-O 9. g4 {This is as good as 9.0-0-0 and 9.Bc4.} ({An important detail to
understand the variations without Bc4 is} 9. O-O-O Nxd4 (9... d5 {is
considered the move.}) 10. Bxd4 Be6 11. Kb1 $1 {A very important move
preventing Black's idea ...Qa5-Rfc8.} Qa5 $2 12. Nd5 Qxd2 13. Nxe7+ $16) 9...
Nxd4 (9... Be6 {is an important alternative here,} {the modern game
Short-McShane 2010 followed} 10. Nxe6 (10. O-O-O {was the choice of Anand
against Kasparov in their match of 1995. Theory considers the position as
equal after} Nxd4 11. Bxd4 Qa5 $1 12. Kb1 {Threatening Nd5.} Rfc8 13. a3 (13.
Nd5 Qxd2 14. Nxe7+ $2 Kf8 {winning a piece.}) 13... Rab8) 10... fxe6 11. O-O-O
Rc8 12. Bc4 Qd7 13. Bb3 Na5 14. h4 Nc4 15. Qd3 Qc6 {with a double edged
position.}) 10. Bxd4 Be6 11. Nd5 $1 {Karpov played this good idea against
Mestel in 1982. This is probably the only way to get an advantage.} (11. O-O-O
Qa5 $1) 11... Bxd5 12. exd5 Qc7 13. h4 Rac8 14. Rh2 $1 {Very good. Protecting
c2 and preparing to double in the h-file later.} (14. O-O-O $2 Nxd5) 14... e5 {
It is difficult to suggest another move for Black.} (14... Nd7 15. Bxg7 Kxg7
16. O-O-O {followed by h5 with a strong attack.}) 15. dxe6 fxe6 16. O-O-O $1 {
An important detail.} ({The natural} 16. h5 {would be answered with} d5 $1 {
Mestel played ...Qc6 and lost against Karpov.} 17. O-O-O Ne4 18. fxe4 Bxd4 {
with good play for Black.}) 16... e5 {It seems that occupying the center with
pawns is not important in this position.} ({Black should play} 16... Nd5 $1 17.
Bxg7 (17. h5 Bxd4 18. Qxd4 g5) 17... Qxg7 {as in the game Oll-Georgiev Ki,
Biel, 1993. Black's king is more protected here and there is an importante
defensive idea here after} 18. h5 g5 $1) 17. Be3 Qf7 18. Kb1 d5 {Continuing
with the occupation of the centre.} ({An important and probably better option
was} 18... Nxg4 19. fxg4 Qxf1 {winning a pawn, but White can continue his
attack and is better after} 20. h5) 19. h5 e4 (19... d4 20. hxg6 hxg6 21. Bh6 {
is excellent for White.}) (19... Nxg4 {is worse here than before.} 20. fxg4
Qxf1 21. Qxd5+ Qf7 22. hxg6 (22. Qd6 {is also good.}) 22... hxg6 23. Qxf7+ Rxf7
24. Bxa7 {with a clear pawn up.}) 20. hxg6 {This is good and human.} ({The
computer already gives a decisive advantage to White after the strange} 20. h6
Bh8 21. g5 Nh5 (21... Nd7 22. Rf2 exf3 23. Rxf3 Qxf3 24. Bg2 Qf5 25. Bxd5+ Rf7
26. Bxf7+ Qxf7 27. Qxd7) 22. Bh3 Rcd8 23. fxe4) 20... hxg6 21. Be2 Qe6 (21...
exf3 22. Bxf3 Ne4 23. Bxe4 dxe4 {is a better defence but White is much better
after} 24. Rhh1 $1 {protecting the first rank and threatening Qh2.} (24. Rdh1
$2 Qf1+)) 22. Bd4 Rc7 23. Rdh1 {This is a dream for White. All pieces playing,
decisive attack and the king is completely protected.} Rff7 24. a3 {
Prophylaxis protecting the eight rank. Qg5 wins immediately.} b6 25. fxe4 {
From now on Grischuk plays perfectly until the end. There were other ways to
win but he gave no chances to his opponent.} Qxe4 (25... Nxe4 26. Rh8+ Bxh8 27.
Rxh8#) 26. g5 Nh5 (26... Nh7 27. Rh4 $1 (27. Rxh7 Qxd4) 27... Qe6 28. Rxh7 {
winning a piece.}) 27. Bxg7 Kxg7 28. Bxh5 gxh5 29. Rxh5 Qc4 {Nakamura tries
some ideas but the position is completely lost.} 30. Qd1 Qe4 31. g6 Rfe7 (31...
Kxg6 32. Rg1+ Kf6 33. Rh6+ Ke5 34. Re1) 32. R5h4 Qe5 33. Rh7+ Kg8 34. R7h5 Qe4
35. Qd2 1-0

[Event "Wch Rapid"]
[Site "Astana"]
[Date "2012.07.08"]
[Round "12"]
[White "Ismagambetov, Anuar"]
[Black "Grischuk, Alexander"]
[Result "0-1"]
[WhiteElo "2471"]
[BlackElo "2763"]
[PlyCount "120"]
[EventDate "2012.07.06"]
[EventType "tourn (rapid)"]
[EventRounds "15"]
[EventCountry "KAZ"]
[EventCategory "19"]
[SourceTitle "CBM 149 Extra"]
[Source "ChessBase"]
[SourceDate "2012.08.24"]
[SourceVersion "1"]
[SourceVersionDate "2012.08.24"]
[SourceQuality "1"]

1. e4 e5 2. Nf3 Nc6 3. Bb5 a6 4. Ba4 Nge7 5. c3 g6 6. d4 exd4 7. cxd4 Bg7 8. d5
b5 9. dxc6 bxa4 10. Qxa4 Nxc6 11. Bg5 Ne7 12. Nc3 h6 13. Bh4 O-O 14. O-O d6 15.
Rad1 Bd7 16. Qa3 g5 17. Bg3 f5 18. exf5 Nxf5 19. Nd5 Kh8 20. Rc1 c6 21. Ne3
Nxg3 22. hxg3 d5 23. b3 Re8 24. g4 h5 25. Qd6 hxg4 26. Nh2 Re6 27. Qc5 Re4 28.
Rfd1 Qf8 29. Nhf1 Qxc5 30. Rxc5 Bd4 31. Rc2 Bb6 32. Ng3 Rf4 33. Nc4 Bc7 34. Re2
Re8 35. Rxe8+ Bxe8 36. Ne3 Bd7 37. Kf1 Bb6 38. Ke2 Kg8 39. Rh1 d4 40. Nc4 d3+
41. Kxd3 Bxf2 42. Ne2 Rf6 43. Kc3 g3 44. Ne5 Be6 45. Nd4 Bd5 46. Rh5 Be3 47.
Kd3 Bf4 48. Ng4 Rg6 49. Nf5 Bxg2 50. Ne7+ Kf7 51. Rh7+ Rg7 52. Nh6+ Kxe7 53.
Rxg7+ Kf6 54. Rg8 Bf3 55. Re8 g2 56. Re1 Bg3 57. Rg1 Bh2 58. Rxg2 Bxg2 59. Ng4+
Kf5 60. Nxh2 Kf4 0-1

[Event "Olympiad-40"]
[Site "Istanbul"]
[Date "2012.08.29"]
[Round "2.2"]
[White "Grischuk, Alexander"]
[Black "Mastrovasilis, Dimitrios"]
[Result "1-0"]
[WhiteElo "2763"]
[BlackElo "2618"]
[PlyCount "113"]
[EventDate "2012.08.28"]
[EventType "team-swiss"]
[EventRounds "11"]
[EventCountry "TUR"]
[SourceTitle "CBM 151"]
[Source "ChessBase"]
[SourceDate "2012.11.13"]
[SourceVersion "1"]
[SourceVersionDate "2012.11.13"]
[SourceQuality "1"]
[WhiteTeam "Russia"]
[BlackTeam "Greece"]
[WhiteTeamCountry "RUS"]
[BlackTeamCountry "GRE"]

1. e4 e5 2. Nf3 Nc6 3. Bb5 Nf6 4. O-O Nxe4 5. d4 Nd6 6. Bxc6 dxc6 7. dxe5 Nf5
8. Qxd8+ Kxd8 9. Nc3 Ke8 10. Rd1 Ne7 11. Nd4 Ng6 12. Ne4 Bd7 13. f4 c5 14. Ne2
Bc6 15. N2c3 Rd8 16. Be3 b6 17. Rxd8+ Kxd8 18. Rd1+ Kc8 19. Nd5 Be7 20. c4 Re8
21. Ng3 Bf8 22. Kf2 Bd7 23. h3 c6 24. Nc3 f5 25. exf6 gxf6 26. Nce4 Be7 27.
Nd6+ Bxd6 28. Rxd6 f5 29. Nh5 Re6 30. Rd3 Re7 31. Bd2 Be6 32. b3 b5 33. Rc3
bxc4 34. bxc4 Rd7 35. Be3 Rb7 36. a3 Nf8 37. Rc2 Rb3 38. Ng7 Bd7 39. Re2 Ng6
40. g3 Rxa3 41. Bxc5 Rc3 42. Bd6 c5 43. Rb2 Bc6 44. Nxf5 Rxc4 45. Ne3 Re4 46.
Bxc5 a5 47. Rc2 a4 48. Nc4 Nxf4 49. Nd6+ Kc7 50. Nxe4 Bxe4 51. Rc4 Nxh3+ 52.
Ke2 Bf5 53. Be3+ Kd6 54. Rxa4 h5 55. Kf3 Ke5 56. Rh4 Bg4+ 57. Rxg4 1-0